Propuesta de modelo de un álbum, coleccionable y un programa televisivo para la difusión del patrimonio cultural de Honduras
La presente propuesta se fundamenta en el reconocimiento que la población hondureña tiene sobre el patrimonio cultural, evidenciado en la aportación de los pobladores que plantearon problemáticas y estratégicas e implementar, ante la situación cultural de sus regiones y que fueron plasmadas en...
| Main Author: | |
|---|---|
| Other Authors: | |
| Format: | Tesis Section = Libro |
| Language: | Undetermined Spanish |
| Published: |
Managua, Nicaragua
UNI
2018
|
| Subjects: |
| LEADER | 01237nam a2200253Ia 4500 | ||
|---|---|---|---|
| 008 | 240830s9999 xx 000 0 und d | ||
| 040 | |a BIBLIOTECA-RUSB/ M.Mon 306 R173 | ||
| 041 | |a spa | ||
| 082 | |a M.Mon 306 R173 | ||
| 100 | 1 | |a Ramírez Giménez, Denis Eduardo | |
| 245 | 1 | 0 | |a Propuesta de modelo de un álbum, coleccionable y un programa televisivo para la difusión del patrimonio cultural de Honduras |
| 260 | |a Managua, Nicaragua |b UNI |c 2018 | ||
| 300 | |a 104 p. :il. | ||
| 500 | |a Contiene: CD. | ||
| 502 | |a Tesis (Maestría en Patrimonio Cultural para el Desarrollo, Énfasis en Gestión) - UNI, 2018. | ||
| 520 | 3 | |a La presente propuesta se fundamenta en el reconocimiento que la población hondureña tiene sobre el patrimonio cultural, evidenciado en la aportación de los pobladores que plantearon problemáticas y estratégicas e implementar, ante la situación cultural de sus regiones y que fueron plasmadas en los informes de las 9 estrategias. | |
| 650 | 7 | |a PATRIMONIO CULTURAL-HONDURAS | |
| 650 | 7 | |b CONSERVACION DEL PATRIMONIO CULTURAL | |
| 650 | 7 | |c GESTION DIFUSORA | |
| 650 | 7 | |d ESTRATEGIAS REGIONALES DE CULTURA | |
| 700 | 1 | |a Tutor: |b Joya, Olga | |
| 942 | |c BK |2 ddc | ||
| 991 | |a TESIS | ||
| 999 | |c 19235 | ||